logo

Bir Sreshtho Munshi Abdur Rouf Library
Jhenaidah Cadet College

স্নাতক প্রাণীবিজ্ঞান / (Record no. 7666)

MARC details
000 -LEADER
fixed length control field 00623nam a22002177a 4500
001 - CONTROL NUMBER
JCCL Control Number 7666
003 - CONTROL NUMBER IDENTIFIER
JCCL marc code BD-JhCC
005 - DATE AND TIME OF LATEST TRANSACTION
control field 20181003172605.0
008 - FIXED-LENGTH DATA ELEMENTS--GENERAL INFORMATION
fixed length control field 180213b xxu||||| |||| 00| 0 eng d
035 ## - SYSTEM CONTROL NUMBER
system control number (BD-JhCC)7666
040 ## - CATALOGING SOURCE
Original cataloging agency BD-JhCC
Modifying agency BD-JhCC
041 ## - LANGUAGE CODE
Language code of Book ben
082 ## - DEWEY DECIMAL CLASSIFICATION NUMBER
Classification number 591
Author mark and Year CHO 1982
100 ## - MAIN ENTRY--PERSONAL NAME
Personal name চৌধুর, এ এন
245 ## - TITLE STATEMENT
Title স্নাতক প্রাণীবিজ্ঞান /
Statement of responsibility, etc এ এন চৌধুর
260 ## - PUBLICATION, DISTRIBUTION, ETC. (IMPRINT)
Place of publication, distribution, etc ঢাকা :
Name of publisher, distributor, etc মল্লিক ব্রাদার্স
Date of publication, distribution, etc 1982
300 ## - PHYSICAL DESCRIPTION
Pagination 847 p. :
Dimensions 18 cm.
650 ## - SUBJECT ADDED ENTRY--TOPICAL TERM
Topical term or geographic name as entry element Zoology
942 ## - ADDED ENTRY ELEMENTS (KOHA)
Source of classification or shelving scheme Dewey Decimal Classification
Koha item type Books
Holdings
Source of classification or shelving scheme Damaged status Not for loan Home library Current library Shelving location Date of accession Cost, normal purchase price Total Checkouts Full call number Barcode Date last seen Copy number Koha item type volume number
Dewey Decimal Classification     JCC Rouf Library JCC Rouf Library General Stacks 02/13/2018 130.00   591 CHO 1982 10149 02/13/2018 C-1 Books  
Dewey Decimal Classification     JCC Rouf Library JCC Rouf Library General Stacks 02/13/2018 200.00   591 CHO 1982 10208 02/13/2018 C-2 Books V-1
Dewey Decimal Classification     JCC Rouf Library JCC Rouf Library General Stacks 02/13/2018 200.00   591 CHO 1982 10168 02/13/2018 C-3 Books V-2

JCC Library | Contacts | JCC Home

Last Update on 23 September 2017
Copyright @ 2017-2020 JCC Rouf Library
Rouf Library, Jhenidah Cadet College (JCC), Bangladesh